000 00671nam a2200253Ia 4500
003 OSt
005 20221005091819.0
006 a|||||r|||| 00| 0
007 ta
008 221004b |||||||| |||| 00| 0 eng d
020 _a0 14 058 0271
024 _a41465
037 _cTextual
040 _aCRL
_cCRL
_beng
041 _2eng
_aeng
082 _aO111,3M12:g, M6
100 _aJohnson Edgar
245 0 _aCharles Dickens
_b His tragedy and triumph
260 _aNew York
_bPenguin USA
_c1986
300 _a601p.
_ccm.
650 _aENGLISH LITERATURE
942 _hO111,3M12:g, M6
_cTEXL
_2cc
999 _c997824
_d997824